01771nam a2200325 a 450000500170000000800410001702000180005804000350007604100080011104400070011908200190012610000350014524502050018025000290038526000440041430000570045850501690051565000730068465000720075765000770082965000820090665000880098865100580107670000420113470000350117670000390121194200150125099900170126595201630128220150626084617.0140603s2011 ck adb gr 00110 spa d a9789585708013 aCO-BoBLA cCO-BoBLAdCo-BoIAVH aspa ack04a918.617 bA68a1 aArenas Wightman, Wendy.93489813aLa Amazonia colombiana en cifras, hechos y percepciones : bAmazonas, Caquetá, Guainía, Guaviare, Putumayo, Vaupés / cWendy Arenas Wightman, Paola Zúñiga Valcárcel, Edgar David Mayordomo. aEditora Marcela Giraldo.3 aBogotá :bFundación Alisos, c2011. a139 p. bilustraciones, gráficos, mapas ; c28 cm. aCap. 1 Amazonas en cifras. Cap. 2 Guainía en cifras. Cap. 3 Vaupés en cifras. Cap. 4 Caquetá en cifras. Cap. 5 Guaviare en cifras. Cap. 6 Putumayo en cifras.  4aEducaciónz Amazonas (Región, Colombia)v Estadísticas.934899 4aEconomíaz Amazonas (Región, Colombia)v Estadísticas.934900 4aSalud públicaz Amazonas (Región, Colombia)v Estadísticas.934901 4aCambios climáticosz Amazonas (Región, Colombia)v Estadísticas.934902 4aParticipación políticaz Amazonas (Región, Colombia)v Estadísticas.934903 4aAmazonas (Región, Colombia)x Descripción.9349041 aZúñiga Valcárcel, Paola.9349051 aMayordomo, Edgar David.9349061 aGiraldo, Marcela, eEditora.94846 2ddccLIBRO c17485d17485 00102ddc40708GENERALIINV2017aBogotabBogotad2015-06-26eInstitutog39000.00l0oLB-918.617 A68ap038879r2015-06-26 00:00:00tEj. 1w2015-06-26yLIBRO